000
00227 a2200097 4500
001
54143
100
_a
Khaldoon.Ibn
245
_a
Talkhees Muqadma Ibn Khaldoon
260
_a
Lahore
_b
Ferozsons Ltd
_c
1993
090
_c
33754
_d
33754
942
_a
NUST-CAE
_c
M
_c
26396
999
_c
289216
_d
289216